<?xml version="1.0" encoding="UTF-8"?>
<record
    xmlns:xsi="http://www.w3.org/2001/XMLSchema-instance"
    xsi:schemaLocation="http://www.loc.gov/MARC21/slim http://www.loc.gov/standards/marcxml/schema/MARC21slim.xsd"
    xmlns="http://www.loc.gov/MARC21/slim">

  <leader>02290nam a2200421 uc4500</leader>
  <controlfield tag="001">647917</controlfield>
  <controlfield tag="005">20260506090327.0</controlfield>
  <controlfield tag="008">010220s1879                        spa  </controlfield>
  <datafield tag="035" ind1=" " ind2=" ">
    <subfield code="a">647917</subfield>
  </datafield>
  <datafield tag="040" ind1=" " ind2=" ">
    <subfield code="c">comduadb</subfield>
  </datafield>
  <datafield tag="041" ind1=" " ind2=" ">
    <subfield code="a">spa</subfield>
  </datafield>
  <datafield tag="080" ind1=" " ind2=" ">
    <subfield code="a">FM/</subfield>
  </datafield>
  <datafield tag="100" ind1="1" ind2="0">
    <subfield code="a">Paez, Jacobo</subfield>
    <subfield code="4">aut</subfield>
    <subfield code="e">aut</subfield>
    <subfield code="9">520139</subfield>
  </datafield>
  <datafield tag="245" ind1="1" ind2="0">
    <subfield code="a">Discurso pronunciado por el senor Doctor Jacobo Paez en la sesion solemne de la Sociedad de San Vicente de Paul de Chiquinquira</subfield>
  </datafield>
  <datafield tag="260" ind1=" " ind2=" ">
    <subfield code="a">Chiquinquira ( Colombia ) :</subfield>
    <subfield code="b">Imprenta de Luis Fajardo,</subfield>
    <subfield code="c">1879.</subfield>
  </datafield>
  <datafield tag="300" ind1=" " ind2=" ">
    <subfield code="a">12p. (Documento 1 de FM/27)</subfield>
  </datafield>
  <datafield tag="505" ind1="8" ind2="0">
    <subfield code="t">Instruccion pastoral que el Illmo Sr. Dr. Juan H. Boset obispo de Merida dirije  su clero con ocasion de haber terminado la primera visita de la diosesis</subfield>
  </datafield>
  <datafield tag="505" ind1="8" ind2="0">
    <subfield code="t">Sofismas economicos</subfield>
  </datafield>
  <datafield tag="505" ind1="8" ind2="0">
    <subfield code="t">El cura, el pueblo</subfield>
  </datafield>
  <datafield tag="505" ind1="8" ind2="0">
    <subfield code="t">Biografia del Jeneral Acosta</subfield>
  </datafield>
  <datafield tag="505" ind1="8" ind2="0">
    <subfield code="t">Las cartas cruzadas entre el senor Manuel Murillo Toro i el Jenral Jose Hilario Lopez; i la replica del sr. Jose Maria Torres Caicedo</subfield>
  </datafield>
  <datafield tag="505" ind1="8" ind2="0">
    <subfield code="t">Discursos sobre la felicidad i el amor</subfield>
  </datafield>
  <datafield tag="505" ind1="8" ind2="0">
    <subfield code="t">Santander ante la historia o sea apuntamientos para las memorias sobre colombia y la nueva granada</subfield>
  </datafield>
  <datafield tag="505" ind1="8" ind2="0">
    <subfield code="t">Discurso pronunciado en la sesion  solemne de la sociedad de caridad el dia 31 de maya de 1874</subfield>
  </datafield>
  <datafield tag="505" ind1="8" ind2="0">
    <subfield code="t">Instrucciones populares acerca del matrimonio civil</subfield>
  </datafield>
  <datafield tag="505" ind1="8" ind2="0">
    <subfield code="t">Discurso pronunciado el 20 de julio de 1874 en la iglesia catedral metropolitana</subfield>
  </datafield>
  <datafield tag="505" ind1="8" ind2="0">
    <subfield code="t">Instruccion pastoral acerca de la predicacion y de la ensenanza de la doctrina cristiana</subfield>
  </datafield>
  <datafield tag="505" ind1="8" ind2="0">
    <subfield code="t">Conferencia de San Vicente de Paul en chiquinquira</subfield>
  </datafield>
  <datafield tag="505" ind1="8" ind2="0">
    <subfield code="t">La politica exaltada o burla o las exaltaciones de partido en la guerra de 1876.</subfield>
  </datafield>
  <datafield tag="505" ind1="8" ind2="0">
    <subfield code="t">Hoja o resena de los servicios militares presentados por Felipe Morillo Bermudez al gobierno de su patria</subfield>
  </datafield>
  <datafield tag="505" ind1="8" ind2="0">
    <subfield code="t">Oracion funebre del ilustricimo Senor Vicente Abelaez, Obispo de Bogota pronunciada por el presb... el 11 de agosto de 1884</subfield>
  </datafield>
  <datafield tag="650" ind1=" " ind2=" ">
    <subfield code="a">Sociedades de beneficencia - Colombia</subfield>
    <subfield code="9">12498</subfield>
  </datafield>
  <datafield tag="650" ind1=" " ind2=" ">
    <subfield code="a">P&#xE1;ez, Jacobo - Discursos</subfield>
    <subfield code="9">72514</subfield>
  </datafield>
  <datafield tag="650" ind1=" " ind2=" ">
    <subfield code="a">Sociedad de San Vicente de Paul (Chiquinquira)</subfield>
    <subfield code="9">74365</subfield>
  </datafield>
  <datafield tag="700" ind1="1" ind2="0">
    <subfield code="a">Fajardo N., Juan</subfield>
    <subfield code="4">aut</subfield>
    <subfield code="e">aut</subfield>
    <subfield code="9">348838</subfield>
  </datafield>
  <datafield tag="710" ind1="2" ind2="0">
    <subfield code="a">Sociedad de San Vicente de Paul</subfield>
    <subfield code="4">aut</subfield>
    <subfield code="e">aut</subfield>
    <subfield code="9">824557</subfield>
  </datafield>
  <datafield tag="942" ind1=" " ind2=" ">
    <subfield code="c">BOOK</subfield>
  </datafield>
  <datafield tag="999" ind1=" " ind2=" ">
    <subfield code="c">190858</subfield>
    <subfield code="d">190858</subfield>
  </datafield>
  <datafield tag="952" ind1=" " ind2=" ">
    <subfield code="0">0</subfield>
    <subfield code="1">0</subfield>
    <subfield code="4">0</subfield>
    <subfield code="7">0</subfield>
    <subfield code="8">PAT. DOCUM</subfield>
    <subfield code="a">BC</subfield>
    <subfield code="b">BC</subfield>
    <subfield code="d">2001-02-20</subfield>
    <subfield code="i">C670456</subfield>
    <subfield code="l">0</subfield>
    <subfield code="o">FM 27</subfield>
    <subfield code="p">61000003764004</subfield>
    <subfield code="r">2023-04-23 00:00:00</subfield>
    <subfield code="t">1</subfield>
    <subfield code="w">2023-04-23</subfield>
    <subfield code="y">BOOKI</subfield>
  </datafield>
</record>
